Dekódovanie MDPC kódov s vymazávaním

Gespeichert in:
Bibliographische Detailangaben
1. Verfasser: Tučková, Tamara (Verfasst von)
Weitere Verfasser: Fabšič, Tomáš (Betreuung Doktorarbeit)
Format: Manuskript Buch
Sprache:Slowakisch
Veröffentlicht: Bratislava : STU v Bratislave FEI, 2023
Schlagworte:
Online-Zugang:https://opac.crzp.sk/?fn=detailBiblioFormChildIIJ63&sid=C0DEB8E07572332BA2250F15805F&seo=CRZP-detail-kniha
Tags: Tag hinzufügen
Keine Tags, Fügen Sie das erste Tag hinzu!

MARC

LEADER 00000ntm a22000003a 4500
001 stuzp93001
003 SK-STU
005 20241219132252.7
007 ta
008 150427s2015----xo-----f-mn---000-0-slo-d
040 |a STU  |b slo 
041 0 |a slo 
044 |a xo 
100 1 |a Tučková, Tamara  |u 035000  |k Z3  |4 aut  |U FEI Fakulta elektrotechniky a informatiky  |T FEI Ústav informatiky a matematiky  |X 97556  |U E050  |Y 816  |7 97556 
242 0 1 |a Decoding MDPC codes with erasures  |y eng 
245 1 0 |a Dekódovanie MDPC kódov s vymazávaním 
260 |a Bratislava :  |b STU v Bratislave FEI,  |c 2023 
300 |a 55 s. 
650 4 |a QC-MDPC  |2 slo 
650 4 |a McEliece kryptosystém  |2 slo 
650 4 |a REMP-1  |2 slo 
650 4 |a REMP-2  |2 slo 
650 4 |a QC-MDPC  |2 eng 
650 4 |a McEliece cryptosystem  |2 eng 
650 4 |a REMP-1  |2 eng 
650 4 |a REMP-2  |2 eng 
700 1 |a Fabšič, Tomáš  |u 035000  |k Z1  |4 ths  |U FEI Fakulta elektrotechniky a informatiky  |T FEI Ústav informatiky a matematiky  |X 63826  |U E050  |Y 816  |7 63826 
856 4 |u https://opac.crzp.sk/?fn=detailBiblioFormChildIIJ63&sid=C0DEB8E07572332BA2250F15805F&seo=CRZP-detail-kniha